000 01095nam a22002295i 4500
001 155432
003 ES-MaACL
005 20240211063509.0
008 940202m18621881sp |||| | spa d
040 _aAS
_bspa
100 _aHidalgo, Dionisio,
_d1809-1866
_9222396
245 1 0 _aDiccionario general de bibliografía española /
_cpor Dionisio Hidalgo.
260 _aMadrid :
_b[s.n.],
_c1862-1881 (
_fImprenta de las Escuelas Pías)
300 _a7 v. ;
_c23 cm.
505 8 _aContiene: Vol. VI. Índice de autores -- Vol. VII. Índice de materias
596 1 _aHay distintas imprentas: t.II. Imprenta de Julián Peña ; t.III.-V. Imprenta de J. Limia y G. Urosa ; t.VI. Imprenta de Moreno y Rojas ; T.VII Imprenta y Litografía de la Guirnalda.
597 1 _avol. 1(XXVI, 529 p.) -- vol. 2 (528 p. ) -- vol. 3 (528 p.) -- vol. 4 (528 p.) -- vol. 5 (513 p.) -- vol. 6 (425 p.) -- vol. 7 (472 p.)
597 1 _aTexto a dos col.
752 _aEspaña -
_dMadrid
852 _aES-MaACL
_jD-2261-2265
_z-- Enc. pasta
_q-- Falto de los t.IV y V
999 _c155432
_d155432